[Event "Budapest IM-B"]
[Site "Budapest HUN"]
[Date "1990.??.??"]
[Round "3"]
[White "Keschitz, Gyorgy"]
[Black "Vujosevic, Vladimir"]
[Result "0-1"]
[WhiteElo "2275"]
[BlackElo "2340"]
[PlyCount "96"]
[EventDate "1990.??.??"]
[Source "www.chesslib.no"]
[SourceDate "2004.05.04"]

1. e4 e5 2. Nf3 Nc6 3. Bc4 Nf6 4. Ng5 d5 5. exd5 b5 6. Bf1 Nd4 7. c3 Nxd5 8. cxd4 Qxg5 9. Bxb5+ Kd8 10. Qf3 Bb7 11. Nc3 exd4 12. O-O dxc3 13. dxc3 Qf6 14. Qg4 Qe6 15. Bg5+ Be7 16. Bxe7+ Qxe7 17. Rfe1 h5 18. Qh3 Qd6 19. Qxh5 Qh6 20. Qe5 c6 21. Rad1 Qf6 22. Qxf6+ gxf6 23. Bf1 Re8 24. Be2 Kc7 25. Bh5 Rxe1+ 26. Rxe1 Rf8 27. c4 Nf4 28. Re7+ Kb8 29. Bxf7 Rd8 30. h4 c5 31. Kh2 Nxg2 32. Rxb7+ Kxb7 33. Kxg2 Kc7 34. h5 Kd6 35. f4 Ke7 36. Bd5 Rd6 37. Kf3 f5 38. Ke3 Rb6 39. b3 Ra6 40. b4 Ra3+ 41. Kf2 Rxa2+ 42. Kg3 cxb4 43. c5 Rd2 44. Bg8 Rc2 45. Kh4 Kf6 46. h6 Rxc5 47. h7 Kg7 48. Kg5 a5 0-1

[Event "Krakow op-A"]
[Site "?"]
[Date "1999.??.??"]
[Round "?"]
[White "Skrobek Ryszard"]
[Black "Helaszek Edward"]
[Result "1-0"]
[WhiteElo "2405"]
[BlackElo "2209"]
[PlyCount "49"]
[EventDate "1999.??.??"]
[Source "www.chesslib.no"]
[SourceDate "2004.05.04"]

1. e4 e5 2. Nf3 Nc6 3. Bc4 Nf6 4. Ng5 d5 5. exd5 b5 6. Bf1 h6 7. Nxf7 Kxf7 8. dxc6 Bc5 9. Be2 Bxf2+ 10. Kxf2 Ne4+ 11. Kf1 Qd4 12. Qe1 Rf8 13. Bf3 Kg8 14. Qe3 Qc4+ 15. Ke1 Nc5 16. Be2 Qd5 17. Nc3 Qxg2 18. Rg1 Qxc6 19. Qxe5 Ne6 20. d4 Qd7 21. Bxh6 Rf7 22. Bh5 Bb7 23. Bxf7+ Qxf7 24. d5 Re8 25. dxe6 1-0

[Event "corr M.047 IECG"]
[Site "?"]
[Date "1998.??.??"]
[Round "?"]
[White "Makovsky, Petr"]
[Black "Mascioni, Vania D"]
[Result "0-1"]
[WhiteElo "2315"]
[BlackElo "2295"]
[PlyCount "86"]
[EventDate "1998.??.??"]
[Source "www.chesslib.no"]
[SourceDate "2004.05.04"]

1. e4 e5 2. Nf3 Nc6 3. Bc4 Nf6 4. Ng5 d5 5. exd5 b5 6. Bxb5 Qxd5 7. Nc3 Qxg2 8. Qf3 Qxf3 9. Nxf3 Bd7 10. d3 Nd4 11. Bxd7+ Kxd7 12. Nxd4 exd4 13. Ne2 Re8 14. Kf1 c5 15. b4 Re6 16. Rg1 g6 17. a3 Bd6 18. bxc5 Bxc5 19. Bb2 Rd6 20. Nc1 Rc8 21. Nb3 Bb6 22. Rc1 Re8 23. a4 a6 24. a5 Ba7 25. Re1 Rxe1+ 26. Kxe1 Rd5 27. Ke2 h5 28. f4 Ng4 29. Rh1 Ne3 30. Bxd4 Rxd4 31. Kxe3 Rc4+ 32. Kd2 Rxf4 33. c4 Rf2+ 34. Kc3 g5 35. d4 g4 36. Kb4 f5 37. Nc5+ Bxc5+ 38. Kxc5 f4 39. Kb6 f3 40. Kxa6 Re2 41. Kb5 f2 42. Rf1 h4 43. c5 g3 0-1

[Event "Budapest FS09 IM"]
[Site "Budapest"]
[Date "1996.??.??"]
[Round "2"]
[White "Galyas, Miklos"]
[Black "Richardson, John R"]
[Result "0-1"]
[WhiteElo "2290"]
[BlackElo "2310"]
[PlyCount "136"]
[EventDate "1996.09.??"]
[Source "www.chesslib.no"]
[SourceDate "2004.05.04"]

1. e4 e5 2. Nf3 Nc6 3. Bc4 Nf6 4. Ng5 d5 5. exd5 b5 6. Bf1 Nd4 7. c3 Nxd5 8. cxd4 Qxg5 9. Bxb5+ Kd8 10. Qf3 exd4 11. Bc6 Nb4 12. Bxa8 Nc2+ 13. Kd1 Bg4 14. Kxc2 Qc5+ 15. Kd1 Bxf3+ 16. Bxf3 d3 17. Nc3 Qxf2 18. b3 f5 19. Nd5 g5 20. Ne3 f4 21. Rf1 fxe3 22. Rxf2 exf2 23. Be2 Bg7 24. Rb1 dxe2+ 25. Kxe2 Bd4 26. Ba3 Re8+ 27. Kf1 Re6 28. Bb4 Rh6 29. h3 g4 30. Bc3 gxh3 31. gxh3 Rxh3 32. Kg2 Rd3 33. Rh1 Bxc3 34. dxc3 Rxc3 35. Rxh7 Rc2 36. a4 Kc8 37. Rf7 Rb2 38. Rxf2 Rxb3 39. Rf4 Kb7 40. Kf2 a5 41. Ke2 Rb4 42. Rf3 Rxa4 43. Kd3 Kb6 44. Kc3 Rb4 45. Rf8 Kb7 46. Rf5 Ka6 47. Rf6+ Kb5 48. Rf8 Rc4+ 49. Kb3 a4+ 50. Ka3 Rc3+ 51. Kb2 Rb3+ 52. Ka2 c5 53. Rb8+ Kc4 54. Ra8 Rb4 55. Ka3 Rb3+ 56. Ka2 Kb4 57. Rb8+ Kc3 58. Ra8 c4 59. Rxa4 Rb8 60. Ra3+ Kc2 61. Ra7 c3 62. Ra6 Rb2+ 63. Ka1 Rb1+ 64. Ka2 Re1 65. Rh6 Kc1 66. Kb3 c2 67. Rh2 Re3+ 68. Ka2 Kd1 0-1

[Event "Masters 14th"]
[Site "Caldas de Felgueira"]
[Date "1998.02.11"]
[Round "5"]
[White "Durao, Joaquim"]
[Black "Santos, Carlos P"]
[Result "0-1"]
[WhiteElo "2200"]
[BlackElo "2400"]
[PlyCount "110"]
[EventDate "1998.02.07"]
[Source "ChessBase"]
[SourceDate "1998.04.29"]

1. e4 e5 2. Nf3 Nc6 3. Bc4 Nf6 4. Ng5 d5 5. exd5 b5 6. Bxb5 Qxd5 7. Nc3 Qxg2 8. Qf3 Qxf3 9. Nxf3 Bd7 10. d3 Bd6 11. Bg5 Rb8 12. Rg1 Nd5 13. Bc4 Nxc3 14. bxc3 h6 15. Be3 g5 16. Nd2 f5 17. Nb3 e4 18. d4 Ke7 19. Rh1 f4 20. Bc1 Kf6 21. Bd5 Rhe8 22. Nd2 Kf5 23. Nc4 Bf8 24. a4 Bg7 25. Ba3 Kf6 26. Bc5 g4 27. Bxc6 Bxc6 28. Ne5 Bxa4 29. Kd2 Bb5 30. c4 Kf5 31. Bxa7 Rbd8 32. Ra5 Rxe5 33. Kc3 Bxc4 34. dxe5 Bd5 35. Rd1 Bxe5+ 36. Kb4 Bd6+ 37. Ka4 c6 38. c4 Bc7 39. Rc5 Ra8 40. cxd5 Rxa7+ 41. Kb3 Bb6 42. Rxc6 Bxf2 43. d6 e3 44. d7 Rxd7 45. Rxd7 e2 46. Rd5+ Ke4 47. Rd8 e1=Q 48. Re6+ Kf3 49. Rxe1 Bxe1 50. Rh8 Bg3 51. hxg3 fxg3 52. Rf8+ Ke3 53. Re8+ Kf4 54. Rf8+ Kg5 55. Rf1 h5 0-1

[Event "Mar del Plata Open"]
[Site "Mar del Plata ARG"]
[Date "1991.??.??"]
[Round "?"]
[White "Langier, Daniel"]
[Black "Vasta, Eduardo"]
[Result "1/2-1/2"]
[WhiteElo "2240"]
[BlackElo "2360"]
[PlyCount "76"]
[EventDate "1991.??.??"]
[Source "www.chesslib.no"]
[SourceDate "2004.05.04"]

1. e4 e5 2. Nf3 Nc6 3. Bc4 Nf6 4. Ng5 d5 5. exd5 b5 6. Bf1 Nd4 7. c3 Nxd5 8. Ne4 Qh4 9. Ng3 Bg4 10. f3 Nf5 11. Bxb5+ Kd8 12. O-O Bc5+ 13. d4 exd4 14. fxg4 d3+ 15. Rf2 Nxg3 16. hxg3 Bxf2+ 17. Kxf2 Qf6+ 18. Ke1 c6 19. Bxd3 Re8+ 20. Be2 Kc7 21. c4 Ne3 22. Bxe3 Rxe3 23. Nc3 Rae8 24. Qa4 Rxe2+ 25. Nxe2 Rxe2+ 26. Kxe2 Qxb2+ 27. Kd3 Qxa1 28. Qxa7+ Kc8 29. Qa8+ Kc7 30. Qa5+ Kb7 31. Qb4+ Ka6 32. Qa3+ Kb6 33. Ke2 c5 34. Qb3+ Kc7 35. Qa4 Qb2+ 36. Kf3 Qc3+ 37. Kf2 Qd2+ 38. Kf1 Qc1+ 1/2-1/2

[Event "24th Open"]
[Site "Bad Woerishofen GER"]
[Date "2008.03.02"]
[Round "4"]
[White "Pirrot, D."]
[Black "Daeubler, H."]
[Result "1-0"]
[WhiteElo "2429"]
[BlackElo "2165"]
[PlyCount "61"]
[EventDate "2008.02.28"]
[Source "www.chesslib.no"]
[SourceDate "2004.05.04"]

1. e4 e5 2. Nf3 Nc6 3. Bc4 Nf6 4. Ng5 d5 5. exd5 b5 6. Bf1 Nd4 7. c3 Nxd5 8. cxd4 Qxg5 9. Bxb5+ Kd8 10. O-O Rb8 11. Bc6 exd4 12. d3 Nf4 13. Na3 Rb6 14. Qa4 Ne2+ 15. Kh1 Qf6 16. Be4 Bd6 17. Qa5 h6 18. Qh5 Nxc1 19. Raxc1 Qg5 20. Qe2 f5 21. Bc6 Qf4 22. g3 Qe5 23. Qf3 Ba6 24. Rfe1 Qf6 25. Nc4 Bxc4 26. Rxc4 Rxb2 27. Bb5 Rxb5 28. Qa8+ Kd7 29. Qc6+ Kd8 30. Qxb5 Rf8 31. Ra4 1-0

[Event "Metz FRA"]
[Site "?"]
[Date "2006.04.23"]
[Round "2"]
[White "Pimenta Antonio"]
[Black "Karpatchev Aleksandr"]
[Result "0-1"]
[WhiteElo "2072"]
[BlackElo "2521"]
[PlyCount "142"]
[EventDate "2006.??.??"]
[Source "www.chesslib.no"]
[SourceDate "2004.05.04"]

1. e4 e5 2. Nf3 Nc6 3. Bc4 Nf6 4. Ng5 d5 5. exd5 b5 6. Bf1 Nd4 7. c3 Nxd5 8. Ne4 Ne6 9. Bxb5+ Bd7 10. Bxd7+ Qxd7 11. d4 exd4 12. O-O Be7 13. cxd4 O-O 14. Nbc3 Rad8 15. Be3 Nxe3 16. fxe3 f5 17. Ng3 Bg5 18. Nxf5 g6 19. h4 gxf5 20. hxg5 Nxg5 21. Qh5 Qg7 22. Rf4 Rd6 23. Rh4 Re6 24. Nd5 c6 25. Nf4 Rxe3 26. Rf1 Re4 27. Rd1 Rxd4 28. Kh2 Rxd1 29. Qxd1 Qxb2 30. Qb3+ Qxb3 31. axb3 Ne4 32. Rh6 Rf6 33. Rh3 Nf2 34. Rc3 Rh6+ 35. Kg1 Ne4 36. Rc4 Rd6 37. Ra4 Rd7 38. Ra6 c5 39. Kh2 Nd2 40. Ne6 Nxb3 41. Rc6 Kf7 42. Nxc5 Nxc5 43. Rxc5 Ke6 44. Rc6+ Kd5 45. Ra6 Rf7 46. Kg3 f4+ 47. Kf3 Kc5 48. Ra1 Kb6 49. Rb1+ Kc7 50. Ra1 Kb7 51. Rb1+ Kc8 52. Ra1 Kb8 53. Ra2 Rf6 54. Ra1 a6 55. Rh1 Rf7 56. Rb1+ Ka7 57. Ra1 Kb6 58. Rb1+ Kc5 59. Rc1+ Kb4 60. Rb1+ Kc3 61. Ra1 Ra7 62. Ra5 Kb4 63. Rf5 a5 64. Rxf4+ Kb3 65. Kg3 a4 66. Rf3+ Kc4 67. Rf4+ Kd5 68. Rf5+ Ke6 69. Rb5 a3 70. Rb1 a2 71. Ra1 Kd5 0-1

[Event "Allemagne Bundesliga 2004-5"]
[Site "?"]
[Date "2004.11.27"]
[Round "3"]
[White "Pflug Mathias"]
[Black "Steflitsch Erich"]
[Result "0-1"]
[WhiteElo "2220"]
[BlackElo "2367"]
[PlyCount "56"]
[EventDate "2004.??.??"]
[Source "www.chesslib.no"]
[SourceDate "2004.05.04"]

1. e4 e5 2. Nf3 Nc6 3. Bc4 Nf6 4. Ng5 d5 5. exd5 b5 6. Bf1 Nd4 7. c3 Nxd5 8. h4 h6 9. Ne4 Ne6 10. Bxb5+ Bd7 11. Qa4 Ndf4 12. g3 Nd3+ 13. Ke2 Nxc1+ 14. Rxc1 f5 15. Qc4 Qe7 16. Qd5 Rd8 17. Qxe5 fxe4 18. Bc4 Qf6 19. Qxe4 Bd6 20. f4 O-O 21. d4 Kh8 22. Qf3 Rde8 23. Kd1 Nxd4 24. cxd4 Qxd4+ 25. Nd2 Bb4 26. Qd5 Bg4+ 27. Kc2 Bf5+ 28. Kd1 Qf2 0-1

[Event "Santo Domingo"]
[Site "?"]
[Date "2006.10.31"]
[Round "1"]
[White "De La Paz Frank"]
[Black "Lugo Maximo"]
[Result "1-0"]
[WhiteElo "2442"]
[BlackElo "2141"]
[PlyCount "45"]
[EventDate "2006.??.??"]
[Source "www.chesslib.no"]
[SourceDate "2004.05.04"]

1. e4 e5 2. Nf3 Nc6 3. Bc4 Nf6 4. Ng5 d5 5. exd5 b5 6. Bf1 Nd4 7. c3 Nxd5 8. cxd4 Qxg5 9. Bxb5+ Kd8 10. Qf3 Bb7 11. O-O Rb8 12. d3 Nf4 13. Bc6 Bxc6 14. Qxc6 Rb6 15. Qf3 Rg6 16. g3 Qf5 17. dxe5 Nh3+ 18. Kg2 Qd7 19. Qa8+ Ke7 20. Qe4 Rg4 21. e6 Nf4+ 22. Bxf4 fxe6 23. Bd6+ 1-0

[Event "SWE-ch"]
[Site "Karlskrona"]
[Date "1983.??.??"]
[Round "?"]
[White "Ernst, Thomas"]
[Black "Olsson, Ake"]
[Result "1-0"]
[WhiteElo "2380"]
[BlackElo "2200"]
[PlyCount "121"]
[EventDate "1983.07.??"]
[Source "ChessBase"]

1. e4 e5 2. Nf3 Nc6 3. Bc4 Nf6 4. Ng5 d5 5. exd5 b5 6. Bf1 Nd4 7. c3 Nxd5 8. h4 Nf5 9. Bxb5+ Bd7 10. Bc4 c6 11. d3 Be7 12. Nf3 f6 13. Nbd2 Nd6 14. Ne4 Nxc4 15. dxc4 Nb6 16. c5 Nd5 17. c4 Nb4 18. a3 Bf5 19. Qxd8+ Kxd8 20. axb4 Bxe4 21. Be3 Kc7 22. Kd2 Rhd8+ 23. Kc1 Rdb8 24. Ra4 Bd3 25. Nd2 Rb7 26. b3 h6 27. f4 Rab8 28. Kb2 Bf5 29. Rha1 Rxb4 30. Rxb4 Rxb4 31. Rxa7+ Rb7 32. Rxb7+ Kxb7 33. b4 Bd3 34. Kc3 Be2 35. fxe5 fxe5 36. g3 Kc7 37. Nb1 Kd7 38. Na3 Bd8 39. Kc2 Bc7 40. b5 Bd8 41. b6 Ke7 42. Kc3 Bg4 43. Nc2 Bc8 44. Nb4 Bb7 45. Kd3 Ke6 46. Ke4 Be7 47. Nd3 Bf6 48. Bc1 Be7 49. Bb2 g5 50. h5 Ba6 51. Bxe5 Bf8 52. g4 Kd7 53. Kd4 Ke6 54. Nc1 Bxc5+ 55. Kxc5 Kxe5 56. Nd3+ Ke4 57. Nb4 Bb7 58. Nxc6 Kf4 59. Nd8 Ba8 60. Kd6 Kxg4 61. c5 1-0

[Event "CRO-ch op"]
[Site "Pula"]
[Date "1999.??.??"]
[Round "3"]
[White "Grbac, Boris"]
[Black "Zelic, Mladen"]
[Result "0-1"]
[WhiteElo "2215"]
[BlackElo "2354"]
[PlyCount "60"]
[EventDate "1999.??.??"]
[Source "www.chesslib.no"]
[SourceDate "2004.05.04"]

1. e4 e5 2. Nf3 Nc6 3. Bc4 Nf6 4. Ng5 d5 5. exd5 b5 6. dxc6 bxc4 7. Nc3 h6 8. Nge4 Nxe4 9. Nxe4 Qd4 10. Qf3 Be7 11. O-O O-O 12. Nc3 Be6 13. Re1 Rab8 14. b3 Bg5 15. Re4 Qd6 16. bxc4 f5 17. Re1 e4 18. Qe2 Qxc6 19. d3 Bf6 20. Bd2 Rb2 21. Rec1 Rd8 22. Rab1 exd3 23. Qe1 Rxc2 24. Nd5 Bxd5 25. cxd5 Qxd5 26. a4 c5 27. Rd1 c4 28. Rb5 Qe4 29. Qf1 c3 30. Be3 Re2 0-1

[Event "Corr"]
[Site "?"]
[Date "2002.06.15"]
[Round "?"]
[White "Nyberg Wilfred (GER)"]
[Black "Mirbach Thomas (GER)"]
[Result "1-0"]
[WhiteElo "2448"]
[BlackElo "2117"]
[PlyCount "99"]
[EventDate "2002.??.??"]
[Source "www.chesslib.no"]
[SourceDate "2004.05.04"]

1. e4 e5 2. Nf3 Nc6 3. Bc4 Nf6 4. Ng5 d5 5. exd5 b5 6. Bf1 h6 7. Nf3 Qxd5 8. Nc3 Qe6 9. Nxb5 Qe7 10. d3 Rb8 11. Nc3 Qe6 12. Be2 Bc5 13. O-O O-O 14. Nd2 Nd4 15. Nb3 Bb6 16. Na4 Bb7 17. Nxb6 axb6 18. Nxd4 exd4 19. Bf3 Qf5 20. Bxb7 Rxb7 21. Re1 Rbb8 22. Bd2 Rfe8 23. Rxe8+ Rxe8 24. h3 Re6 25. a4 Nd5 26. a5 bxa5 27. Rxa5 Rc6 28. Ra4 Rf6 29. f3 c5 30. Ra5 Nf4 31. Bxf4 Qxf4 32. Rxc5 Re6 33. Rc8+ Kh7 34. Ra8 Qe3+ 35. Kf1 Qe5 36. b3 Qh2 37. Kf2 Rg6 38. Qg1 Qc7 39. Ra2 Qf4 40. Ke2 Re6+ 41. Kd1 Re3 42. Qf2 Kh8 43. Ra8+ Kh7 44. Ra4 Kg8 45. g3 Qe5 46. Kd2 Qh5 47. h4 Qc5 48. Rc4 Qf5 49. g4 Qa5+ 50. b4 1-0

[Event "Wichern Open"]
[Site "Hamburg GER"]
[Date "1993.??.??"]
[Round "5"]
[White "Bartels, Holger"]
[Black "Wegner, Hannu"]
[Result "0-1"]
[WhiteElo "2175"]
[BlackElo "2390"]
[PlyCount "52"]
[EventDate "1993.10.??"]
[Source "www.chesslib.no"]
[SourceDate "2004.05.04"]

1. e4 e5 2. Nf3 Nc6 3. Bc4 Nf6 4. Ng5 d5 5. exd5 b5 6. Bf1 h6 7. Nxf7 Kxf7 8. dxc6 Bc5 9. Bxb5 Ng4 10. O-O Qh4 11. Qf3+ Ke8 12. Qg3 Qxg3 13. hxg3 a6 14. d4 Bxd4 15. Bd3 Nxf2 16. Kh2 e4 17. Bxe4 Be6 18. Bf3 h5 19. c3 Ba7 20. Bg5 Rb8 21. Re1 Kf7 22. b3 Ng4+ 23. Kh1 Rb5 24. Bf4 h4 25. Bxg4 hxg3+ 26. Bh3 Rxh3+ 0-1

[Event "CZE-chT1a"]
[Site "Czech Republic"]
[Date "1995.??.??"]
[Round "?"]
[White "Bores, Roman"]
[Black "Efler, David"]
[Result "0-1"]
[WhiteElo "2295"]
[BlackElo "2255"]
[PlyCount "56"]
[EventDate "1995.??.??"]
[Source "www.chesslib.no"]
[SourceDate "2004.05.04"]

1. e4 e5 2. Nf3 Nc6 3. Bc4 Nf6 4. Ng5 d5 5. exd5 b5 6. Bf1 Bg4 7. f3 Nxd5 8. fxg4 Qxg5 9. Bxb5 Qg6 10. Nc3 O-O-O 11. Bxc6 Qxc6 12. Nxd5 Rxd5 13. O-O Bc5+ 14. Kh1 h5 15. Qf3 hxg4 16. Qxg4+ Kb8 17. d3 Rd4 18. Qf3 Rdh4 19. h3 Rxh3+ 20. gxh3 Rxh3+ 21. Kg2 Rxf3 22. Rxf3 f5 23. Bd2 e4 24. dxe4 fxe4 25. Rh3 Kc8 26. Be3 Qg6+ 27. Kf2 Qf5+ 28. Ke1 Qxh3 0-1

[Event "Mondariz 12"]
[Site "?"]
[Date "1995.??.??"]
[Round "2"]
[White "Costa Fernando V"]
[Black "Ferron Garcia Carlos"]
[Result "1-0"]
[WhiteElo "2275"]
[BlackElo "2275"]
[PlyCount "125"]
[EventDate "1995.??.??"]
[Source "www.chesslib.no"]
[SourceDate "2004.05.04"]

1. e4 e5 2. Nf3 Nc6 3. Bc4 Nf6 4. Ng5 d5 5. exd5 b5 6. Bf1 h6 7. Nxf7 Kxf7 8. dxc6 Bc5 9. Bxb5 Bg4 10. Be2 Bxf2+ 11. Kf1 Bxe2+ 12. Qxe2 Bb6 13. Nc3 Qd4 14. g3 Rhf8 15. Kg2 Kg8 16. d3 Ng4 17. Ne4 Nf2 18. c3 Qa4 19. Re1 Nxe4 20. Qxe4 Qc2+ 21. Kh3 Rf2 22. Qd5+ Kh8 23. Rxe5 Rxh2+ 24. Kg4 Qd1+ 25. Qf3 Qxf3+ 26. Kxf3 Rh1 27. d4 Rf8+ 28. Kg4 Rff1 29. a4 a5 30. Rb5 Kh7 31. Rxb6 Kg6 32. Bxh6 Rxa1 33. Bg5 Rxa4 34. Rb5 Rc4 35. Rxa5 Rxc6 36. Rb5 Rh5 37. Re5 Rb6 38. Bf4 Rh2 39. Re7 Rhxb2 40. Rxc7 Rb7 41. Rc6+ Kf7 42. Be5 Rc2 43. c4 Re2 44. Rc5 Rd7 45. Kf3 Rc2 46. Rc6 Ra7 47. Ke4 Re2+ 48. Kd5 Rd7+ 49. Rd6 Ra7 50. Rd8 Rc2 51. c5 g5 52. Rh8 Kg6 53. Rf8 Kh5 54. c6 Kg4 55. Kd6 Ra6 56. d5 Rd2 57. Ke6 Kh3 58. Rc8 g4 59. d6 Re2 60. d7 Ra5 61. Rh8+ Kg2 62. Rh5 Rd2 63. c7 1-0

[Event "Stockholm SWE, 25. Rilton Cup"]
[Site "?"]
[Date "2006.01.02"]
[Round "6"]
[White "Dragicevic Drazen"]
[Black "Furhoff Johan"]
[Result "0-1"]
[WhiteElo "2195"]
[BlackElo "2354"]
[PlyCount "60"]
[EventDate "2006.??.??"]
[Source "www.chesslib.no"]
[SourceDate "2004.05.04"]

1. e4 e5 2. Nf3 Nc6 3. Bc4 Nf6 4. Ng5 d5 5. exd5 b5 6. dxc6 bxc4 7. Qe2 Qd5 8. f4 Be7 9. Nc3 Qxc6 10. fxe5 Bg4 11. Qf2 Bc5 12. Qg3 O-O 13. exf6 Rfe8+ 14. Kf1 Qxf6+ 15. Nf3 Qg6 16. d4 cxd3 17. Bf4 dxc2 18. Ne5 Qa6+ 19. Qd3 Qxd3+ 20. Nxd3 Bd4 21. Re1 Bf5 22. Nf2 Rxe1+ 23. Kxe1 Re8+ 24. Kf1 Bc8 25. g3 Ba6+ 26. Kg2 Bb7+ 27. Nfe4 Rxe4 28. Kh3 Rxf4 29. Re1 Bc8+ 30. g4 h5 0-1

[Event "Corr"]
[Site "?"]
[Date "2000.??.??"]
[Round "?"]
[White "Kuhne Detlev"]
[Black "Claridge John Bleddyn"]
[Result "1-0"]
[WhiteElo "2295"]
[BlackElo "2238"]
[PlyCount "95"]
[EventDate "2000.??.??"]
[Source "www.chesslib.no"]
[SourceDate "2004.05.04"]

1. e4 e5 2. Nf3 Nc6 3. Bc4 Nf6 4. Ng5 d5 5. exd5 b5 6. Bf1 Nd4 7. c3 Nxd5 8. cxd4 Qxg5 9. Bxb5+ Kd8 10. Qf3 Bb7 11. O-O Rb8 12. dxe5 Nb4 13. d4 Qg6 14. d5 Bxd5 15. Rd1 Rxb5 16. Nc3 Qc6 17. Nxb5 Qxb5 18. Qf5 Be7 19. a3 g6 20. Qf4 Na6 21. Qxf7 c6 22. b4 Qe2 23. Be3 Nc7 24. Rac1 Qh5 25. Rxd5+ cxd5 26. Bc5 Bxc5 27. Qf6+ Kd7 28. Qxh8 Bb6 29. a4 Qh6 30. Rd1 Qh5 31. Qg7+ Kc8 32. Rc1 Qf5 33. Qh8+ Kb7 34. Qf6 Bxf2+ 35. Kh1 Qxf6 36. exf6 Be3 37. Rf1 Ne6 38. g3 d4 39. f7 Nf8 40. Kg2 Kc6 41. Kf3 Kd5 42. b5 Bd2 43. Ke2 Bb4 44. h4 Ke5 45. g4 Ke4 46. Rf6 Nd7 47. Ra6 Bc5 48. a5 1-0

[Event "Leonding"]
[Site "?"]
[Date "2006.??.??"]
[Round "5"]
[White "Wadsack Winfried"]
[Black "Knoll Hermann"]
[Result "0-1"]
[WhiteElo "2158"]
[BlackElo "2373"]
[PlyCount "86"]
[EventDate "2006.??.??"]
[Source "www.chesslib.no"]
[SourceDate "2004.05.04"]

1. e4 e5 2. Nf3 Nc6 3. Bc4 Nf6 4. Ng5 d5 5. exd5 b5 6. Bf1 h6 7. Nxf7 Kxf7 8. dxc6 Bc5 9. d4 Bxd4 10. Be2 Qe7 11. c3 Bb6 12. O-O Rd8 13. Qc2 Be6 14. Be3 Bd5 15. Bxb6 axb6 16. Bxb5 Qe6 17. f3 Ra5 18. c4 Bxc6 19. b4 Raa8 20. Bxc6 Qxc6 21. Nd2 Rd4 22. Rf2 Ra3 23. Rc1 Qd7 24. Nb3 Rd3 25. Qb2 Ra4 26. a3 Kg8 27. c5 Qd5 28. Rb1 e4 29. Rd2 exf3 30. Rxd3 Qxd3 31. gxf3 Rxa3 32. cxb6 cxb6 33. Kg2 Ra8 34. Nd4 Nd5 35. Re1 Qc4 36. Ra1 Rd8 37. Ne2 Re8 38. Ng3 Qd3 39. Ne4 Nf4+ 40. Kg3 Rxe4 41. Qa2+ Kh7 42. Qf7 Rxb4 43. Ra7 Qg6+ 0-1

[Event "Frydek Mistek women"]
[Site "Frydek Mistek CZE"]
[Date "1996.??.??"]
[Round "1"]
[White "Jackova, Jana"]
[Black "Krupkova-Mazakova, Petra"]
[Result "1-0"]
[WhiteElo "2210"]
[BlackElo "2300"]
[PlyCount "49"]
[EventDate "1996.??.??"]
[Source "www.chesslib.no"]
[SourceDate "2004.05.04"]

1. e4 e5 2. Nf3 Nc6 3. Bc4 Nf6 4. Ng5 d5 5. exd5 b5 6. Bf1 Nd4 7. c3 Nxd5 8. Nxf7 Kxf7 9. cxd4 e4 10. Nc3 Nf6 11. Bxb5 Qxd4 12. d3 Bb4 13. O-O Be6 14. Be3 Qe5 15. Bc6 Bd6 16. g3 Rab8 17. Nxe4 Rxb2 18. Bf4 Qa5 19. Ng5+ Ke7 20. Re1 Bxf4 21. Rxe6+ Kf8 22. gxf4 h6 23. Qe1 Qxe1+ 24. Raxe1 hxg5 25. fxg5 1-0

[Event "Moscow ol (Men)"]
[Site "Moscow"]
[Date "1994.??.??"]
[Round "3"]
[White "Alvarez, Franklin"]
[Black "Skalli, K."]
[Result "1/2-1/2"]
[WhiteElo "2270"]
[BlackElo "2235"]
[PlyCount "83"]
[EventDate "1994.11.??"]
[Source "ChessBase"]

1. e4 e5 2. Nf3 Nc6 3. Bc4 Nf6 4. Ng5 d5 5. exd5 b5 6. Bxb5 Qxd5 7. Nc3 Qxg2 8. Qf3 Qxf3 9. Nxf3 Bd7 10. d3 Rb8 11. Rg1 Nb4 12. Bxd7+ Nxd7 13. Kd1 f6 14. Be3 c5 15. b3 Kf7 16. Nd2 Be7 17. a3 Nc6 18. Nd5 Bd8 19. Ne4 Bb6 20. b4 cxb4 21. axb4 Rhd8 22. Nxb6 axb6 23. c3 Ra8 24. Kc2 g6 25. Nd6+ Ke6 26. Nb5 Ke7 27. Nc7 Nxb4+ 28. Kd2 Rac8 29. Ra7 Nc6 30. Nd5+ Kd6 31. Rxd7+ Rxd7 32. Nxb6 Rb8 33. Nxd7 Kxd7 34. Ra1 f5 35. Kc2 f4 36. Bc5 Rb5 37. d4 exd4 38. cxd4 Ke6 39. Kc3 Kd5 40. Ra6 Rb1 41. Ra8 Rg1 42. Rf8 1/2-1/2

[Event "New York State-ch"]
[Site "Saratoga Springs"]
[Date "2000.09.01"]
[Round "1"]
[White "Stenzel, Harold"]
[Black "Nikolayev, Igor"]
[Result "0-1"]
[WhiteElo "2149"]
[BlackElo "2356"]
[PlyCount "106"]
[EventDate "2000.09.01"]
[Source "www.chesslib.no"]
[SourceDate "2004.05.04"]

1. e4 e5 2. Nf3 Nc6 3. Bc4 Nf6 4. Ng5 d5 5. exd5 b5 6. Bf1 Nd4 7. c3 Nxd5 8. Ne4 Ne6 9. Bxb5+ Bd7 10. Bxd7+ Qxd7 11. O-O f5 12. Ng3 g6 13. d4 exd4 14. cxd4 Bg7 15. Re1 O-O 16. Nc3 Nxd4 17. Nxd5 Qxd5 18. Ne2 c5 19. Nxd4 cxd4 20. Qb3 Qxb3 21. axb3 Rf7 22. Bd2 Rb8 23. b4 Bf8 24. Ra4 Rfb7 25. Rd1 Rc8 26. g3 Rc2 27. b3 Rb2 28. Bf4 Rxb3 29. Rxd4 R3xb4 30. Raxb4 Bxb4 31. Rd8+ Kf7 32. Rh8 Ke6 33. h4 a5 34. Ra8 Kd5 35. Bg5 Kc4 36. Bd8 Kb5 37. f3 a4 38. g4 fxg4 39. fxg4 a3 40. h5 Kc4 41. hxg6 hxg6 42. Bf6 Bc5+ 43. Kg2 Ra7 44. Rg8 a2 45. Ba1 Ra6 46. Kf3 Rd6 47. Ra8 Kb3 48. Ke4 Bb4 49. Ke5 Rd1 50. Bd4 Rxd4 51. Kxd4 Ba3 52. Rb8+ Kc2 53. Rc8+ Kd2 0-1

[Event "CRO-chT2"]
[Site "Opatija"]
[Date "1995.??.??"]
[Round "?"]
[White "Bilic, Mario"]
[Black "Bozanic, Ivica"]
[Result "0-1"]
[WhiteElo "2295"]
[BlackElo "2205"]
[PlyCount "134"]
[EventDate "1995.??.??"]
[Source "www.chesslib.no"]
[SourceDate "2004.05.04"]

1. e4 e5 2. Nf3 Nc6 3. Bc4 Nf6 4. Ng5 d5 5. exd5 b5 6. Bf1 h6 7. Nf3 Qxd5 8. Nc3 Qe6 9. Bxb5 Bb7 10. O-O O-O-O 11. Re1 Bc5 12. Na4 Be7 13. c3 e4 14. d4 Bd6 15. Nd2 Qf5 16. Qe2 Rhe8 17. Nc5 Bxc5 18. dxc5 Qxc5 19. Nb3 Qh5 20. Qxh5 Nxh5 21. Nc5 f5 22. Bc4 Nf6 23. Be6+ Kb8 24. Nxb7 Kxb7 25. Bxf5 Rd5 26. Bh3 Ne5 27. Rf1 Nd3 28. Be3 c5 29. Rfd1 Kc6 30. Rd2 g5 31. g3 Ne5 32. Rxd5 Nxd5 33. Bg2 Nf3+ 34. Kf1 Nxe3+ 35. fxe3 Rd8 36. Bxf3 exf3 37. Ke1 g4 38. Rc1 Rd3 39. Rc2 Rxe3+ 40. Kf2 Rd3 41. c4 Rd1 42. Ke3 Re1+ 43. Kf2 Re4 44. h3 h5 45. b3 a5 46. hxg4 hxg4 47. Kf1 Rd4 48. Ke1 Re4+ 49. Kf1 a4 50. Rh2 a3 51. Rh6+ Kb7 52. Rh7+ Kb6 53. Rh6+ Ka5 54. Rh8 Kb4 55. Ra8 Re2 56. Ra4+ Kc3 57. Rxa3 Rg2 58. Ra5 Kd4 59. Ra8 Rxg3 60. Rd8+ Kc3 61. Rc8 Rg2 62. Rxc5 Kd4 63. Rc8 Ke3 64. c5 Rc2 65. Re8+ Kf4 66. b4 Kg3 67. Re1 Rh2 0-1

[Event "Corr"]
[Site "?"]
[Date "1997.06.02"]
[Round "?"]
[White "Nagy Laszlo (HUN)"]
[Black "Sowray Peter John (ENG)"]
[Result "0-1"]
[WhiteElo "2130"]
[BlackElo "2370"]
[PlyCount "44"]
[EventDate "1997.??.??"]
[Source "www.chesslib.no"]
[SourceDate "2004.05.04"]

1. e4 e5 2. Nf3 Nc6 3. Bc4 Nf6 4. Ng5 d5 5. exd5 b5 6. Bf1 Nd4 7. c3 Nxd5 8. Ne4 Qh4 9. Ng3 Bg4 10. f3 e4 11. cxd4 Bd6 12. Bxb5+ Kd8 13. O-O exf3 14. Qb3 Nb4 15. Rxf3 c6 16. Bxc6 Bxf3 17. Bxf3 Re8 18. Nf1 Re1 19. g3 Qxd4+ 20. Kg2 Rxf1 21. Kxf1 Nd3 22. Kg2 Qf2+ 0-1

[Event "29. ch-BAN"]
[Site "?"]
[Date "2003.03.29"]
[Round "2"]
[White "Hossain Pollab Sawkat H"]
[Black "Islam Kh. Aminul"]
[Result "1-0"]
[WhiteElo "2217"]
[BlackElo "2271"]
[PlyCount "47"]
[EventDate "2003.??.??"]
[Source "www.chesslib.no"]
[SourceDate "2004.05.04"]

1. e4 e5 2. Nf3 Nc6 3. Bc4 Nf6 4. Ng5 d5 5. exd5 b5 6. Bf1 h6 7. Nxf7 Kxf7 8. dxc6 Bc5 9. Be2 Rf8 10. d3 Kg8 11. O-O Qe8 12. Nc3 Rb8 13. Bf3 Qg6 14. Be3 Bxe3 15. fxe3 Bg4 16. Nd5 Nxd5 17. Bxd5+ Be6 18. Be4 Qg5 19. Qd2 Rfd8 20. Rf3 Qh4 21. Qb4 Kh8 22. Qc5 Bg4 23. Rf7 Be6 24. Qe7 1-0